000 00740nam a2200229Ia 4500
003 GCL
005 20240530102414.0
008 140319s9999 xx 000 0 ara d
040 _aGCL /
_cGCL
082 0 4 _a939
_bق/ا ب
100 1 _aاحمد فخرى
245 1 0 _aبين اثار العالم العربى /
_cاحمد فخرى
260 _aالقاهرة :
_bمكتبة الانجلوالمصرية ،
_c1958
300 _a147 ص ؛
_c24 سم
650 0 4 _aالعالم العربى
650 0 4 _aالشرق الاوسط
650 0 4 _aالاثار الفرعونية
650 0 4 _aالمدن المندثرة
650 0 4 _aالاثار الرومانية
650 0 4 _aالاثار اليونانية
942 _2ddc
_cBK
999 _c32014
_d32014